000 01869nam a2200229Ia 4500
008 0000001983 usad 0000000000eng00
090 _aPUS00 E53i
100 1 _aEngeran, Whitney J.
245 1 0 _aIda Kohlmeyer
_b: thirty years
_c/ texts by Whitney J. Engeran ; introduction Theodore F. Wolff ; preface Jane Kessler ; organizate by the Mint Museum Department of Art
300 _a120 p.
_c/ 24 cm.
500 _aExposiciónitinerante por los siguientes lugares y fechas: Cheekwoo Botanical Gardens and Fine Arts Center en Nashville, Tennessee entre enero 7 a marzo 18 de 1984; Oklahoma Art Center en Oklahoma entre el 2 de junio y el 15 de julio de 1984 ; Montgomery Museum of Fine Arts de Montgomery, Alabama entre el 11 de agosto y el 30 de septiembre de 1984 ; Fort Wayne Museum of Art en Fort Wayne, Indiana entre el 9 de noviembre de 1984 y el 6 de enero de 1985 ; New Orleans Museum of Art en New Orleans, Lousiana entre el 1 de marzo y abril 28 de 1985 ; McAllen International Museum de McAllen, Texas, entre el 28 de mayo y 22 de julio de 1985 ; Mint Museum of Art en Charlotte, North Carolina entre 15 de septiembre y el 1 de diciembre de 1985 \ Artista nacida en la ciudad de New Orleans, Estados Unidos hija de padres polacos e inmigrantes judios, cuyo nombre de soltera fue: Ida Rittenberg \ Incluye datos biográficos y cronología artística \ Texto en inglés
600 0 0 _a KOHLMEYER, IDA, 19121997/
_xTRABAJOS PICTORICOS
650 1 4 _a PINTURA ESTADOUNIDENSE
650 1 4 _aARTE CONTEMPORANEO ESTADOUNIDENSE
650 1 4 _aARTISTAS PLASTICOS ESTADOUNIDENSES
650 1 4 _xCATALOGOS
650 1 4 _xEXPOSICIONES
650 1 4 _aMUJERES ARTISTAS ESTADOUNIDENSES
650 1 4 _aPINTORES ESTADOUNIDENSES
710 _aMint Museum of Art. Charlotte, North Carolina.
999 _c15737
_d15737
260 _aCharlotte, North Carolina : The Mint Museum
_c1983